Asoka / (Record no. 26189)
[ view plain ]
| 000 -LEADER | |
|---|---|
| fixed length control field | 00937cam a2200313 4500 |
| 001 - CONTROL NUMBER | |
| control field | 26189 |
| 003 - CONTROL NUMBER IDENTIFIER | |
| rucl marc code | BD-RjUL |
| 005 - DATE AND TIME OF LATEST TRANSACTION | |
| control field | 20211209051001.0 |
| 008 - FIXED-LENGTH DATA ELEMENTS--GENERAL INFORMATION | |
| fixed length control field | 140320t1969 ii b 001 0beng |
| 035 ## - SYSTEM CONTROL NUMBER | |
| System control number | (BD-RjUL)26259 |
| System control number | (BD-RjUL) |
| System control number | (NNC)2760942 |
| 040 ## - CATALOGING SOURCE | |
| Original cataloging agency | DLC |
| Transcribing agency | DLC |
| Modifying agency | ZCU |
| -- | BD-RJUL |
| Language of cataloging | eng |
| 041 ## - LANGUAGE CODE | |
| Language code of text/sound track or separate title | eng |
| 082 00 - DEWEY DECIMAL CLASSIFICATION NUMBER | |
| Classification number | 934.040924 |
| Author mark and year | BHA 1969 |
| 100 1# - MAIN ENTRY--PERSONAL NAME | |
| Personal name | Bhandarkar, Devadatta Ramakrishna, |
| Dates associated with a name | 1875-1950. |
| 9 (RLIN) | 70520 |
| 245 00 - TITLE STATEMENT | |
| Title | Asoka / |
| Statement of responsibility, etc. | by D. R. Bhandarkar. |
| 250 ## - EDITION STATEMENT | |
| Edition statement | 4th ed. |
| 260 ## - PUBLICATION, DISTRIBUTION, ETC. (IMPRINT) | |
| Place of publication, distribution, etc. | Calcutta : |
| Name of publisher, distributor, etc. | University of Calcutta, |
| Date of publication, distribution, etc. | 1969. |
| 300 ## - PHYSICAL DESCRIPTION | |
| Pagination | xxx, 366 p. ; |
| Size | 23 cm. |
| 490 1# - SERIES STATEMENT | |
| Series statement | Carmichael lectures ; |
| Volume/sequential designation | 1923 |
| 504 ## - BIBLIOGRAPHY, ETC. NOTE | |
| Bibliography, etc | Includes bibliographical references and index. |
| 600 00 - SUBJECT ADDED ENTRY--PERSONAL NAME | |
| Personal name | Asoka, |
| Titles and other words associated with a name | King of Magadha, |
| Dates associated with a name | active 259 B.C. |
| 830 #0 - SERIES ADDED ENTRY--UNIFORM TITLE | |
| Volume number/sequential designation | 1923. |
| Uniform title | Carmichael lectures ; |
| 942 ## - ADDED ENTRY ELEMENTS (KOHA) | |
| Source of classification or shelving scheme | Dewey Decimal Classification |
| Koha item type | Books |
| Lost status | Source of classification or shelving scheme | Damaged status | Not for loan | Collection code | Permanent Location | Current Location | Shelving location | Date acquired | Source of acquisition | Cost, normal purchase price | Total Checkouts | Full call number | Date last seen | Copy number | Koha item type |
|---|---|---|---|---|---|---|---|---|---|---|---|---|---|---|---|
| Dewey Decimal Classification | Non-fiction | Central Library, University of Rajshahi | Central Library, University of Rajshahi | 30/07/1996 | Ankur Pro. | 20.00 | 934.040924 BHA 1969 | 20/03/2014 | C-2 | Books |